000 00509nam a2200181Ia 4500
005 20250326124305.0
008 250326s9999 xx 000 0 und d
037 _aTextbook
040 _aFMSL
_beng
_cFMSL
041 _aeng
_2eng
084 _aX:513 L8;2;8
_qFMSL
100 _aSandage C H
245 0 _aAdvertising theory and practice
_cSandage C H; Freburger V
260 _aUSA
_bUSA, Richard D Irwin
_c1978
300 _a705p
942 _cTB
_hX:513 L8;2;8
999 _c1273117
_d1273117